书目信息 |
| 题名: |
移动新媒体专利战略研究
|
|
| 作者: | 孙海荣 著 | |
| 分册: | ||
| 出版信息: | 北京 人民日报出版社 2021 |
|
| 页数: | 256页 | |
| 开本: | 24cm | |
| 丛书名: | 人民日报学术文库 | |
| 单 册: | ||
| 中图分类: | G306 , G206.2 | |
| 科图分类: | ||
| 主题词: | 互联网络--hu lian wang lao--应用--传播媒介--专利--研究 | |
| 电子资源: | ||
| ISBN: | 978-7-5115-6548-8 | |
| 000 | 01221oam2 2200277 450 | |
| 001 | 2158017256 | |
| 005 | 20211011172911.0 | |
| 010 | @a978-7-5115-6548-8@b精装@dCNY95.00 | |
| 100 | @a20210611d2021 em y0chiy0120 ea | |
| 101 | 0 | @achi |
| 102 | @aCN@b110000 | |
| 105 | @aa z 000yy | |
| 106 | @ar | |
| 200 | 1 | @a移动新媒体专利战略研究@Ayi dong xin mei ti zhuan li zhan lue yan jiu@f孙海荣著 |
| 210 | @a北京@c人民日报出版社@d2021 | |
| 215 | @a256页@c图@d24cm | |
| 225 | 2 | @a人民日报学术文库@Aren min ri bao xue shu wen ku |
| 300 | @a2020年陕西省社会科学基金项目“面向陕西数字经济高质量发展的知识产权政策体系研究”阶段成果 “国家级新闻学专业综合改革试点项目”资助出版 | |
| 330 | @a本书以移动新媒体“应该建立专利战略”和“如何建立专利战略”为基本思路,将专利战略如何促进移动新媒体技术创新作为研究内容,运用科学计量方法实证分析移动新媒体专利战略创新路径。全书主要内容分为专利战略基本原理架构、移动新媒体理论知识图谱、移动新媒体专利战略生态等共五章。 | |
| 461 | 0 | @12001 @a人民日报学术文库 |
| 606 | 0 | @a互联网络@Ahu lian wang lao@x应用@x传播媒介@x专利@x研究 |
| 690 | @aG306@v5 | |
| 690 | @aG206.2@v5 | |
| 701 | 0 | @a孙海荣@Asun hai rong@4著 |
| 801 | 0 | @aCN@b百万庄@c20211007 |
| 905 | @b1306601-04@dG306@e9@f4 | |
| 移动新媒体专利战略研究/孙海荣著.-北京:人民日报出版社,2021 |
| 256页:图;24cm.-(人民日报学术文库) |
| 2020年陕西省社会科学基金项目“面向陕西数字经济高质量发展的知识产权政策体系研究”阶段成果 “国家级新闻学专业综合改革试点项目”资助出版 |
| ISBN 978-7-5115-6548-8(精装):CNY95.00 |
| 本书以移动新媒体“应该建立专利战略”和“如何建立专利战略”为基本思路,将专利战略如何促进移动新媒体技术创新作为研究内容,运用科学计量方法实证分析移动新媒体专利战略创新路径。全书主要内容分为专利战略基本原理架构、移动新媒体理论知识图谱、移动新媒体专利战略生态等共五章。 |
| ● |
| 相关链接 |
|
|
|
|
正题名:移动新媒体专利战略研究
索取号:G306/9
 
预约/预借
| 序号 | 登录号 | 条形码 | 馆藏地/架位号 | 状态 | 备注 |
| 1 | 1306601 | 213066019 | 第一样本阅览室/ [索取号:G306/9] | 在馆 | |
| 2 | 1306602 | 213066028 | 第四借阅区/ [索取号:G306/9] | 在馆 | |
| 3 | 1306603 | 213066037 | 第四借阅区/ [索取号:G306/9] | 在馆 | |
| 4 | 1306604 | 213066046 | 第四借阅区/ [索取号:G306/9] | 在馆 |